000 00729nam a2200229Ia 4500
005 20241129111047.0
008 241129s9999||||xx |||||||||||||| ||und||
020 _a978-93-92228-58-2
037 _aTB
040 _aCRL
_bhin
_cCRL
041 _ahin
_2hin
084 _aV2.N 152N4;Q7
_qCRL
100 _aधर्मपाल, ले.
245 0 _aभारत का स्वधर्म
_cधर्मपाल, ले.
250 _a2
260 _aबीकानेर, भारत
_bबीकानेर वाग्देवी प्रकाशन
_c2017
300 _a104पृ0
365 _aINR
_b200
650 _aIndian History
942 _cTB
_hV2.N 152N4;Q7
999 _c1228755
_d1228755